Intrucción sobre algunos aspectos de la "Teología dela liberación"

Gorde:
Xehetasun bibliografikoak
Erakunde egilea: Sagrada Congregación para la Doctrina de la Fe
Formatua: Liburua
Hizkuntza:Undetermined
Argitaratua: San José, Costa Rica Promesa 1985
Gaiak:
Etiketak: Etiketa erantsi
Etiketarik gabe, Izan zaitez lehena erregistro honi etiketa jartzen!

MARC

LEADER 00000nam a2200000Ia 4500
008 170316s9999 xx 000 0 und d
090 |a 230 S-2s 
110 |a Sagrada Congregación para la Doctrina de la Fe 
245 |a Intrucción sobre algunos aspectos de la "Teología dela liberación" 
260 |a San José, Costa Rica 
260 |b Promesa 
260 |c 1985 
300 |a 44 páginas 
650 |a TEOLOGÍA 
999 |c 18074  |d 18074 
040 |a cru BVZT 
942 |c 15 D  |h 230 S-2s  |2 z